| 000 | 01296cam a2200349 i 4500 | ||
|---|---|---|---|
| 001 | 18345766 | ||
| 003 | OSt | ||
| 005 | 20210218111400.0 | ||
| 008 | 141023s2016 maua b 001 0 eng | ||
| 010 | _a 2014041649 | ||
| 020 | _a9780321995483 (student edition) | ||
| 020 | _a0321995481 (student edition) | ||
| 020 | _a9780133903874 (instructor's review copy) | ||
| 020 | _a0133903877 (instructor's review copy) | ||
| 040 |
_aDLC _beng _cDLC _erda _dDLC _dPHNSL |
||
| 042 | _apcc | ||
| 050 | 0 | 0 |
_aRA776 _b.D66 2016 |
| 082 | 0 | 0 |
_a613 _223 |
| 100 | 1 |
_aDonatelle, Rebecca J., _d1950- |
|
| 245 | 1 | 0 |
_aAccess to health / _cRebecca J. Donatelle. |
| 250 | _a14th ed. | ||
| 264 | 1 |
_a[Boston] : _bPearson, _c2016. |
|
| 300 |
_a1 volume (various pagings), xxxvii, 603 p. _billustrations (color) ; _c28 cm |
||
| 336 |
_atext _2rdacontent |
||
| 337 |
_aunmediated _2rdamedia |
||
| 338 |
_avolume _2rdacarrier |
||
| 504 | _aIncludes bibliographical references and index. | ||
| 650 | 0 | _aHealth. | |
| 906 |
_a7 _bcbc _corignew _d1 _eecip _f20 _gy-gencatlg |
||
| 942 |
_2lcc _cBK |
||
| 999 |
_c426 _d426 |
||